header

Narrative bodies (Record no. 85543)

MARC details
000 -LEADER
fixed length control field 01208nam a2200325Ia 4500
082 04 - DEWEY DECIMAL CLASSIFICATION NUMBER
Classification number 808/.001
100 1# - MAIN ENTRY--AUTHOR NAME
Personal name Punday, Daniel.
245 10 - TITLE STATEMENT
Title Narrative bodies
260 ## - PUBLICATION, DISTRIBUTION, ETC. (IMPRINT)
Place of publication New York, NY :
Name of publisher Palgrave Macmillan,
Year of publication 2003.
300 ## - PHYSICAL DESCRIPTION
Number of Pages x, 234 p.
650 #0 - SUBJECT ADDED ENTRY--TOPICAL TERM
Topical Term Narration (Rhetoric)
Topical Term Human body in literature.
856 40 - ELECTRONIC LOCATION AND ACCESS
Uniform Resource Identifier http://site.ebrary.com/lib/rucke/Doc?id=10135537

No items available.

© 2026 Rongo University
Contact us: librarian | system librarian | Rongo university